| 000 | 01311nam a2200349Ia 4500 | ||
|---|---|---|---|
| 001 | ebr10269066 | ||
| 003 | CaPaEBR | ||
| 006 | m u | ||
| 007 | cr cn||||||||| | ||
| 008 | 990929s2000 nyu s 000 0 eng d | ||
| 010 | _z 99049842 | ||
| 020 | _z0195118731 (alk. paper) | ||
| 020 | _z9780195118735 | ||
| 040 |
_aCaPaEBR _cCaPaEBR |
||
| 035 | _a(OCoLC)252620239 | ||
| 050 | 1 | 4 |
_aBF575.G7 _bA788 2000eb |
| 082 | 0 | 4 |
_a155.9/37 _221 |
| 100 | 1 |
_aAttig, Thomas, _d1945- |
|
| 245 | 1 | 4 |
_aThe heart of grief _h[electronic resource] : _bdeath and the search for lasting love / _cThomas Attig. |
| 260 |
_aNew York : _bOxford University Press, _c2000. |
||
| 300 | _axx, 289 p. | ||
| 533 |
_aElectronic reproduction. _bPalo Alto, Calif. : _cebrary, _d2009. _nAvailable via World Wide Web. _nAccess may be limited to ebrary affiliated libraries. |
||
| 650 | 0 |
_aBereavement _xPsychological aspects _vCase studies. |
|
| 650 | 0 |
_aBereavement _xPsychological aspects. |
|
| 650 | 0 |
_aDeath _xPsychological aspects. |
|
| 650 | 0 |
_aGrief _vCase studies. |
|
| 650 | 0 | _aGrief. | |
| 650 | 0 | _aLoss (Psychology) | |
| 655 | 7 |
_aElectronic books. _2local |
|
| 710 | 2 | _aebrary, Inc. | |
| 856 | 4 | 0 |
_uhttp://site.ebrary.com/lib/rucke/Doc?id=10269066 _zAn electronic book accessible through the World Wide Web; click to view |
| 999 |
_c8831 _d8831 |
||